DK TANEJA'S HEALTH POLICIES & PROGRAMMES IN INDIA (Record no. 30668)

MARC details
000 -LEADER
fixed length control field 00441nam a22001697a 4500
003 - CONTROL NUMBER IDENTIFIER
control field SGT
020 ## - INTERNATIONAL STANDARD BOOK NUMBER
International Standard Book Number 9789354658570
082 ## - DEWEY DECIMAL CLASSIFICATION NUMBER
Classification number 614.44
Item number D23B
100 ## - MAIN ENTRY--PERSONAL NAME
Personal name BANERJEE, BRATATI
245 ## - TITLE STATEMENT
Title DK TANEJA'S HEALTH POLICIES & PROGRAMMES IN INDIA
250 ## - EDITION STATEMENT
Edition statement 17TH
260 ## - PUBLICATION, DISTRIBUTION, ETC. (IMPRINT)
Place of publication, distribution, etc INDIA
Name of publisher, distributor, etc JAYPEE PUB
Year of Publication 2023
300 ## - PAGE DESCRIPTION
No. of Pages 634
650 ## - SUBJECT ADDED ENTRY--TOPICAL TERM
Topical term or geographic name as entry element COMMUNITY MEDICINE
653 ## - KEYWORDS--INDEX TERM
Keyword term DK TANEJA'S HEALTH POLICIES & PROGRAMMES IN INDIA
942 ## - ADDED ENTRY ELEMENTS (KOHA)
Source of classification or shelving scheme Dewey Decimal Classification
Koha item type Books
Holdings
Withdrawn status Lost status Source of classification or shelving scheme Damaged status Not for loan Collection code Home library Current library Shelving location Date acquired Vendor Name Cost, normal purchase price SGTU Bill Number Full call number Accession No. (Barcode) Date last seen Bill Date Koha item type Total Checkouts Date last borrowed
    Dewey Decimal Classification   Not For Loan MEDICAL SGT Medical Library SGT Medical Library Text Book 11/02/2025 ABC DELHI 1395.00 SGTU 20461 614.44 D23B FM14859 05/04/2025 11/02/2025 Books    
    Dewey Decimal Classification     MEDICAL SGT Medical Library SGT Medical Library Text Book 11/02/2025 ABC DELHI 1395.00 SGTU 20461 614.44 D23B FM14860 02/04/2026 11/02/2025 Books 2 16/03/2026